[Event "European School Championships"]
[Site "Rhodes, Greece"]
[Date "2022.04.23"]
[Round "3.1"]
[White "Akat, Elifnaz"]
[Black "Janouskova, Adela"]
[Result "1-0"]
[WhiteElo "1769"]
[BlackElo "1498"]
[PlyCount "83"]
[EventDate "2022.04.21"]
[EventRounds "9"]

1. e4 {[%emt 0:00:02]} c5 {[%emt 0:00:06]} 2. Nc3 {[%emt 0:00:06]} Nc6 {
[%emt 0:00:38]} 3. g3 {[%emt 0:00:05]} d6 {[%emt 0:00:31]} 4. Bg2 {[%emt 0:00:
05]} g6 {[%emt 0:00:30]} 5. d3 {[%emt 0:00:05]} Bg7 {[%emt 0:00:55]} 6. f4 {
[%emt 0:00:02]} e6 {[%emt 0:00:23]} 7. Nf3 {[%emt 0:00:15]} Nge7 {[%emt 0:00:
29]} 8. O-O {[%emt 0:00:13]} O-O {[%emt 0:01:36]} 9. Be3 {[%emt 0:00:16]} Nd4 {
[%emt 0:03:00]} 10. Rb1 {[%emt 0:00:15]} Nec6 {[%emt 0:01:51]} 11. Ne2 {
[%emt 0:00:23]} Rb8 {[%emt 0:02:28]} 12. c3 {[%emt 0:01:12]} Nxf3+ {[%emt 0:04:
44]} 13. Bxf3 {[%emt 0:00:52]} Qc7 {[%emt 0:01:55]} 14. d4 {[%emt 0:03:33]}
cxd4 {[%emt 0:02:14]} 15. Nxd4 {[%emt 0:00:13]} Nxd4 {[%emt 0:04:35]} 16. Bxd4
{[%emt 0:00:15]} b6 {[%emt 0:01:30]} 17. Bxg7 {[%emt 0:03:07]} Kxg7 {[%emt 0:
00:08]} 18. Qd4+ {[%emt 0:00:11]} Kg8 {[%emt 0:00:33]} 19. Rbd1 {[%emt 0:02:05]
} Qc5 {[%emt 0:04:01]} 20. Kh1 {[%emt 0:04:07]} Ba6 {[%emt 0:05:39]} 21. Rf2 {
[%emt 0:02:10]} Rfd8 {[%emt 0:08:49]} 22. Rfd2 {[%emt 0:02:20]} d5 {[%emt 0:11:
20]} 23. f5 {[%emt 0:09:32]} gxf5 {[%emt 0:05:02]} 24. exf5 {[%emt 0:04:16]}
exf5 {[%emt 0:01:17]} 25. Qf4 {[%emt 0:04:50]} Bb7 {[%emt 0:10:42]} 26. Qxf5 {
[%emt 0:02:16]} Qe7 {[%emt 0:02:20]} 27. Re2 {[%emt 0:08:04]} Qf8 {[%emt 0:02:
28]} 28. Rd4 {[%emt 0:03:16]} Rd6 {[%emt 0:01:34]} 29. Bh5 {[%emt 0:11:16]} Bc8
{[%emt 0:04:48]} 30. Qg5+ {[%emt 0:01:33]} Kh8 {[%emt 0:00:58]} 31. Qf4 {
[%emt 0:04:07]} Be6 {[%emt 0:04:00]} 32. Rf2 {[%emt 0:01:20]} Rd7 {[%emt 0:02:
54]} 33. Qe5+ {[%emt 0:00:51]} Kg8 {[%emt 0:00:48]} 34. Rff4 {[%emt 0:02:26]}
h6 {[%emt 0:00:50]} 35. Rg4+ {[%emt 0:01:29]} Kh7 {[%emt 0:00:43]} 36. Rh4 {
[%emt 0:02:10]} Rbb7 {[%emt 0:01:45]} 37. Be2 {[%emt 0:02:18]} Qg7 {[%emt 0:01:
17]} 38. Bd3+ {[%emt 0:02:00]} Kg8 {[%emt 0:00:45]} 39. Rdg4 {[%emt 0:02:04]}
Bxg4 {[%emt 0:00:30]} 40. Qe8+ {[%emt 0:00:05]} Qf8 {[%emt 0:00:18]} 41. Rxg4+
{[%emt 0:00:02]} Kh8 {[%emt 0:00:10]} 42. Qxf8# {[%emt 0:00:03]} 1-0

[Event "European School Championships"]
[Site "Rhodes, Greece"]
[Date "2022.04.23"]
[Round "3.2"]
[White "Shukurova, Aydan"]
[Black "Baloglu, Dila"]
[Result "0-1"]
[WhiteElo "1541"]
[BlackElo "1680"]
[PlyCount "70"]
[EventDate "2022.04.21"]
[EventRounds "9"]

1. d4 {[%emt 0:00:02]} Nf6 {[%emt 0:00:10]} 2. Bf4 {[%emt 0:00:20]} g6 {
[%emt 0:00:17]} 3. Nc3 {[%emt 0:00:29]} d5 {[%emt 0:01:00]} 4. Qd2 {[%emt 0:05:
38]} Bg7 {[%emt 0:05:56]} 5. h4 {[%emt 0:05:59]} h5 {[%emt 0:03:27]} 6. O-O-O {
[%emt 0:05:00]} c6 {[%emt 0:10:26]} 7. f3 {[%emt 0:02:18]} b5 {[%emt 0:03:56]}
8. e3 {[%emt 0:09:13]} Bf5 {[%emt 0:14:56]} 9. Nh3 {[%emt 0:10:06]} Nbd7 {
[%emt 0:23:26]} 10. Ng5 {[%emt 0:03:02]} b4 {[%emt 0:03:50]} 11. Ne2 {[%emt 0:
02:57]} Qa5 {[%emt 0:02:32]} 12. Kb1 {[%emt 0:12:56]} c5 {[%emt 0:12:11]} 13.
dxc5 {[%emt 0:05:15]} Qxc5 {[%emt 0:04:20]} 14. e4 {[%emt 0:02:08]} dxe4 {
[%emt 0:00:59]} 15. fxe4 {[%emt 0:01:32]} Bg4 {[%emt 0:00:27]} 16. g3 {[%emt 0:
06:50]} O-O {[%emt 0:01:24]} 17. Bh3 {[%emt 0:01:29]} Bxh3 {[%emt 0:04:39]} 18.
Rxh3 {[%emt 0:02:09]} Rac8 {[%emt 0:01:39]} 19. Be3 {[%emt 0:02:08]} Qe5 {
[%emt 0:01:00]} 20. Bd4 {[%emt 0:01:20]} Nxe4 {[%emt 0:00:20]} 21. Qe3 {
[%emt 0:01:31]} Nc3+ {[%emt 0:02:48]} 22. bxc3 {[%emt 0:00:59]} Qb5 {[%emt 0:
00:34]} 23. cxb4 {[%emt 0:01:51]} e5 {[%emt 0:00:43]} 24. Bc3 {[%emt 0:05:05]}
Nb6 {[%emt 0:00:16]} 25. Ne4 {[%emt 0:01:57]} Nd5 {[%emt 0:00:42]} 26. Qd3 {
[%emt 0:05:22]} Nxc3+ {[%emt 0:00:02]} 27. N2xc3 {[%emt 0:00:09]} Qxb4+ {
[%emt 0:00:03]} 28. Ka1 {[%emt 0:00:47]} Rxc3 {[%emt 0:01:02]} 29. Rb1 {
[%emt 0:03:15]} Rxd3 {[%emt 0:00:15]} 30. Rxb4 {[%emt 0:00:05]} Rd1+ {[%emt 0:
00:45]} 31. Kb2 {[%emt 0:00:28]} f5 {[%emt 0:00:31]} 32. Ng5 {[%emt 0:00:35]}
e4+ {[%emt 0:00:12]} 33. Ka3 {[%emt 0:00:07]} e3 {[%emt 0:00:43]} 34. Rh2 {
[%emt 0:00:14]} Re8 {[%emt 0:00:17]} 35. Re2 {[%emt 0:00:27]} Bf8 {[%emt 0:00:
10]} 0-1

[Event "European School Championships"]
[Site "Rhodes, Greece"]
[Date "2022.04.25"]
[Round "4.1"]
[White "Baloglu, Dila"]
[Black "Akat, Elifnaz"]
[Result "0-1"]
[WhiteElo "1680"]
[BlackElo "1769"]
[PlyCount "88"]
[EventDate "2022.04.21"]
[EventRounds "9"]

1. e4 {[%emt 0:00:03]} c5 {[%emt 0:00:13]} 2. Nf3 {[%emt 0:00:08]} g6 {[%emt 0:
00:08]} 3. d4 {[%emt 0:00:23]} cxd4 {[%emt 0:00:06]} 4. Qxd4 {[%emt 0:03:31]}
Nf6 {[%emt 0:03:32]} 5. e5 {[%emt 0:04:13]} Nc6 {[%emt 0:00:53]} 6. Qa4 {
[%emt 0:00:19]} Nd5 {[%emt 0:00:27]} 7. Qb3 {[%emt 0:00:30]} Nc7 {[%emt 0:11:
22]} 8. Bc4 {[%emt 0:16:30]} Ne6 {[%emt 0:01:21]} 9. Bxe6 {[%emt 0:00:29]} dxe6
{[%emt 0:04:59]} 10. Bf4 {[%emt 0:05:01]} Bg7 {[%emt 0:03:02]} 11. Nbd2 {
[%emt 0:06:55]} a5 {[%emt 0:07:59]} 12. a4 {[%emt 0:11:00]} O-O {[%emt 0:05:59]
} 13. Nc4 {[%emt 0:11:56]} Qc7 {[%emt 0:07:31]} 14. O-O {[%emt 0:07:49]} Nb4 {
[%emt 0:07:29]} 15. Ne3 {[%emt 0:13:52]} Bd7 {[%emt 0:06:46]} 16. Qc3 {[%emt 0:
07:40]} Rac8 {[%emt 0:07:27]} 17. Rfd1 {[%emt 0:02:28]} Bc6 {[%emt 0:03:29]}
18. Ne1 {[%emt 0:02:48]} Qb8 {[%emt 0:00:41]} 19. Qc5 {[%emt 0:02:35]} Bf3 {
[%emt 0:03:36]} 20. Qxa5 {[%emt 0:00:53]} Nc6 {[%emt 0:00:06]} 21. Qc5 {
[%emt 0:00:20]} Bxd1 {[%emt 0:00:08]} 22. Rxd1 {[%emt 0:00:03]} Bxe5 {[%emt 0:
01:51]} 23. Bh6 {[%emt 0:00:46]} Rfd8 {[%emt 0:02:15]} 24. Rxd8+ {[%emt 0:00:
57]} Rxd8 {[%emt 0:00:37]} 25. h4 {[%emt 0:00:55]} Bf4 {[%emt 0:04:01]} 26.
Bxf4 {[%emt 0:00:38]} Qxf4 {[%emt 0:00:02]} 27. g3 {[%emt 0:00:28]} Qxa4 {
[%emt 0:00:19]} 28. Nd3 {[%emt 0:00:17]} Qa5 {[%emt 0:01:05]} 29. Qc4 {[%emt 0:
00:15]} Ne5 {[%emt 0:00:17]} 30. Nxe5 {[%emt 0:00:57]} Qxe5 {[%emt 0:00:02]}
31. Qb4 {[%emt 0:00:01]} Qc7 {[%emt 0:04:12]} 32. h5 {[%emt 0:00:18]} Ra8 {
[%emt 0:02:09]} 33. h6 {[%emt 0:00:55]} f6 {[%emt 0:01:39]} 34. Qd4 {[%emt 0:
00:45]} Kf7 {[%emt 0:00:40]} 35. b3 {[%emt 0:00:07]} Qa5 {[%emt 0:00:27]} 36.
Qc4 {[%emt 0:01:26]} Qe1+ {[%emt 0:00:54]} 37. Nf1 {[%emt 0:00:20]} Qe5 {
[%emt 0:00:34]} 38. Ne3 {[%emt 0:00:37]} Qh5 {[%emt 0:00:35]} 39. Qd4 {[%emt 0:
00:19]} Qxh6 {[%emt 0:00:33]} 40. c4 {[%emt 0:00:23]} Qg5 {[%emt 0:00:12]} 41.
b4 {[%emt 0:00:38]} h5 {[%emt 0:01:18]} 42. c5 {[%emt 0:00:24]} h4 {[%emt 0:00:
33]} 43. Nf1 {[%emt 0:01:17]} hxg3 {[%emt 0:00:56]} 44. Nxg3 {[%emt 0:00:06]}
Qd5 {[%emt 0:00:15]} 0-1

[Event "European School Championships"]
[Site "Rhodes, Greece"]
[Date "2022.04.25"]
[Round "4.2"]
[White "Guid, Taja"]
[Black "Mustu, Hatice Asli"]
[Result "0-1"]
[WhiteElo "1477"]
[BlackElo "1704"]
[PlyCount "120"]
[EventDate "2022.04.21"]
[EventRounds "9"]

1. e4 c5 {[%emt 0:00:09]} 2. Nc3 {[%emt 0:00:08]} e6 {[%emt 0:00:20]} 3. Nge2 {
[%emt 0:00:08]} a6 {[%emt 0:00:38]} 4. g3 {[%emt 0:00:14]} b5 {[%emt 0:01:52]}
5. Bg2 {[%emt 0:00:10]} Bb7 {[%emt 0:01:37]} 6. d4 {[%emt 0:00:46]} cxd4 {
[%emt 0:02:38]} 7. Nxd4 {[%emt 0:00:13]} Nf6 {[%emt 0:03:19]} 8. O-O {[%emt 0:
04:26]} b4 {[%emt 0:05:38]} 9. Na4 {[%emt 0:00:08]} Bxe4 {[%emt 0:05:21]} 10.
Bxe4 {[%emt 0:00:25]} Nxe4 {[%emt 0:00:02]} 11. Re1 {[%emt 0:00:16]} d5 {
[%emt 0:12:50]} 12. Nxe6 {[%emt 0:48:17]} fxe6 {[%emt 0:08:45]} 13. Qh5+ {
[%emt 0:00:12]} g6 {[%emt 0:03:08]} 14. Qe5 {[%emt 0:00:18]} Qf6 {[%emt 0:00:
41]} 15. Rxe4 {[%emt 0:00:17]} Qxe5 {[%emt 0:00:01]} 16. Rxe5 {[%emt 0:00:02]}
Kf7 {[%emt 0:00:33]} 17. Bd2 {[%emt 0:05:20]} Nc6 {[%emt 0:19:02]} 18. Re3 {
[%emt 0:05:35]} Bd6 {[%emt 0:07:39]} 19. Rd1 {[%emt 0:08:15]} Rhe8 {[%emt 0:01:
35]} 20. c3 {[%emt 0:01:16]} a5 {[%emt 0:01:03]} 21. Be1 {[%emt 0:02:12]} Kg7 {
[%emt 0:04:31]} 22. Kg2 {[%emt 0:01:26]} g5 {[%emt 0:03:13]} 23. b3 {[%emt 0:
04:36]} Re7 {[%emt 0:02:38]} 24. Red3 {[%emt 0:02:42]} Rc8 {[%emt 0:03:10]} 25.
c4 {[%emt 0:02:40]} d4 {[%emt 0:00:46]} 26. f3 {[%emt 0:01:17]} Rb8 {[%emt 0:
02:47]} 27. Bf2 {[%emt 0:01:49]} e5 {[%emt 0:00:10]} 28. Re1 {[%emt 0:00:55]}
Kf7 {[%emt 0:00:49]} 29. Nb2 {[%emt 0:01:10]} Rbe8 {[%emt 0:01:45]} 30. Re4 Kf6
{[%emt 0:02:11]} 31. Bg1 {[%emt 0:00:59]} Kf5 {[%emt 0:01:08]} 32. g4+ {
[%emt 0:01:27]} Kf6 {[%emt 0:00:01]} 33. Nd1 {[%emt 0:00:42]} Nd8 {[%emt 0:00:
18]} 34. Nf2 {[%emt 0:02:20]} Ne6 {[%emt 0:01:01]} 35. Rd2 {[%emt 0:00:15]} Nc5
{[%emt 0:00:22]} 36. Re1 {[%emt 0:01:05]} a4 {[%emt 0:00:31]} 37. Ne4+ {
[%emt 0:00:48]} Nxe4 {[%emt 0:00:10]} 38. fxe4 {[%emt 0:00:26]} axb3 {[%emt 0:
01:22]} 39. axb3 {[%emt 0:00:14]} Ra7 {[%emt 0:01:12]} 40. Rb1 {[%emt 0:02:28]}
Rea8 {[%emt 0:01:07]} 41. Bf2 {[%emt 0:02:51]} Ke6 {[%emt 0:04:46]} 42. Bg3 {
[%emt 0:01:11]} Ra2 {[%emt 0:02:59]} 43. Rdb2 {[%emt 0:02:23]} Rxb2+ {[%emt 0:
03:15]} 44. Rxb2 Ra1 {[%emt 0:00:01]} 45. Kf3 {[%emt 0:02:03]} Rc1 {[%emt 0:00:
28]} 46. Bf2 {[%emt 0:03:52]} Rc3+ {[%emt 0:00:30]} 47. Ke2 {[%emt 0:02:38]}
Bc5 {[%emt 0:00:08]} 48. Kd1 {[%emt 0:02:11]} Kd6 {[%emt 0:03:55]} 49. Kd2 {
[%emt 0:10:58]} Rf3 {[%emt 0:04:59]} 50. Ke2 {[%emt 0:02:20]} Rf4 {[%emt 0:01:
56]} 51. Kd3 {[%emt 0:00:51]} Bb6 {[%emt 0:00:50]} 52. Rd2 {[%emt 0:01:57]}
Rf3+ {[%emt 0:00:29]} 53. Kc2 {[%emt 0:01:02]} Rxf2 {[%emt 0:00:34]} 54. Rxf2 {
[%emt 0:02:33]} d3+ {[%emt 0:00:06]} 55. Kxd3 {[%emt 0:00:18]} Bxf2 {[%emt 0:
00:06]} 56. Ke2 {[%emt 0:00:10]} Bd4 {[%emt 0:00:17]} 57. Kd3 {[%emt 0:00:12]}
Kc5 {[%emt 0:00:04]} 58. Ke2 {[%emt 0:00:24]} Bg1 {[%emt 0:00:38]} 59. h3 {
[%emt 0:00:17]} Bh2 {[%emt 0:00:04]} 60. Kd3 {[%emt 0:01:28]} Bf4 {[%emt 0:00:
15]} 0-1

[Event "European School Championships"]
[Site "Rhodes, Greece"]
[Date "2022.04.26"]
[Round "5.1"]
[White "Mustu, Hatice Asli"]
[Black "Akat, Elifnaz"]
[Result "1/2-1/2"]
[WhiteElo "1704"]
[BlackElo "1769"]
[PlyCount "44"]
[EventDate "2022.04.21"]
[EventRounds "9"]

1. d4 {[%emt 0:00:02]} d5 {[%emt 0:00:06]} 2. Bf4 {[%emt 0:00:42]} c5 {[%emt 0:
00:09]} 3. e3 {[%emt 0:01:07]} cxd4 {[%emt 0:00:08]} 4. exd4 {[%emt 0:01:17]}
Nc6 {[%emt 0:00:18]} 5. c3 {[%emt 0:00:33]} Bf5 {[%emt 0:00:09]} 6. Nd2 {
[%emt 0:01:49]} e6 {[%emt 0:00:19]} 7. Ngf3 {[%emt 0:00:23]} Bd6 {[%emt 0:00:
09]} 8. Bg3 {[%emt 0:01:25]} Nf6 {[%emt 0:01:23]} 9. Be2 {[%emt 0:04:47]} h6 {
[%emt 0:00:08]} 10. O-O {[%emt 0:02:25]} O-O {[%emt 0:00:02]} 11. Re1 {[%emt 0:
01:42]} a6 {[%emt 0:02:55]} 12. a4 {[%emt 0:02:27]} Qe7 {[%emt 0:08:04]} 13.
Bf1 {[%emt 0:13:05]} Rfc8 {[%emt 0:01:34]} 14. Bxd6 {[%emt 0:01:51]} Qxd6 {
[%emt 0:02:58]} 15. Ne5 {[%emt 0:00:12]} Nd7 {[%emt 0:01:03]} 16. f4 {[%emt 0:
03:54]} f6 {[%emt 0:07:12]} 17. Nxd7 {[%emt 0:03:16]} Qxd7 {[%emt 0:00:09]} 18.
g4 {[%emt 0:09:47]} Bg6 {[%emt 0:03:58]} 19. Nb3 {[%emt 0:04:18]} Re8 {[%emt 0:
06:02]} 20. Bg2 {[%emt 0:09:05]} Qd6 {[%emt 0:09:58]} 21. Qd2 {[%emt 0:01:45]}
Bf7 {[%emt 0:01:35]} 22. Rad1 {[%emt 0:10:59]} Rab8 {[%emt 0:03:18]} 1/2-1/2

[Event "European School Championships"]
[Site "Rhodes, Greece"]
[Date "2022.04.26"]
[Round "5.2"]
[White "Baloglu, Dila"]
[Black "Janouskova, Adela"]
[Result "1/2-1/2"]
[WhiteElo "1680"]
[BlackElo "1498"]
[PlyCount "60"]
[EventDate "2022.04.21"]
[EventRounds "9"]

1. e4 {[%emt 0:00:02]} c5 {[%emt 0:00:11]} 2. Nf3 {[%emt 0:00:08]} Nc6 {
[%emt 0:00:08]} 3. d4 {[%emt 0:00:05]} cxd4 {[%emt 0:00:09]} 4. Nxd4 {[%emt 0:
00:06]} Nf6 {[%emt 0:00:06]} 5. Nc3 {[%emt 0:00:14]} e5 {[%emt 0:00:09]} 6.
Ndb5 {[%emt 0:00:12]} d6 {[%emt 0:00:09]} 7. Bg5 {[%emt 0:00:04]} a6 {[%emt 0:
00:07]} 8. Na3 {[%emt 0:00:04]} b5 {[%emt 0:00:04]} 9. Nd5 {[%emt 0:00:03]} Be7
{[%emt 0:00:28]} 10. Bxf6 {[%emt 0:00:19]} Bxf6 {[%emt 0:00:17]} 11. c3 {
[%emt 0:00:24]} Ne7 {[%emt 0:02:02]} 12. Nc2 {[%emt 0:16:54]} O-O {[%emt 0:07:
54]} 13. Nxf6+ {[%emt 0:09:18]} gxf6 {[%emt 0:00:12]} 14. Ne3 {[%emt 0:03:18]}
f5 {[%emt 0:11:22]} 15. exf5 {[%emt 0:10:54]} Nxf5 {[%emt 0:00:34]} 16. Nxf5 {
[%emt 0:04:51]} Bxf5 {[%emt 0:00:08]} 17. Bd3 {[%emt 0:01:57]} e4 {[%emt 0:03:
10]} 18. Bc2 {[%emt 0:05:28]} d5 {[%emt 0:04:12]} 19. Qd4 {[%emt 0:05:33]} Qg5
{[%emt 0:05:03]} 20. h4 {[%emt 0:03:53]} Qf4 {[%emt 0:07:33]} 21. Qe3 {[%emt 0:
14:31]} Qxe3+ {[%emt 0:03:24]} 22. fxe3 {[%emt 0:00:02]} Be6 {[%emt 0:01:59]}
23. Kf2 {[%emt 0:10:03]} Kg7 {[%emt 0:04:12]} 24. Bd1 {[%emt 0:07:13]} Kf6 {
[%emt 0:01:58]} 25. Be2 {[%emt 0:00:51]} Rg8 {[%emt 0:01:56]} 26. a4 {[%emt 0:
01:59]} bxa4 {[%emt 0:05:05]} 27. Rxa4 {[%emt 0:00:09]} a5 {[%emt 0:01:27]} 28.
Rha1 {[%emt 0:01:45]} Rab8 {[%emt 0:02:00]} 29. Rb1 {[%emt 0:01:29]} Ra8 {
[%emt 0:01:22]} 30. Rba1 {[%emt 0:00:16]} Rab8 {[%emt 0:01:19]} 1/2-1/2

[Event "European School Championships"]
[Site "Rhodes, Greece"]
[Date "2022.04.28"]
[Round "6.1"]
[White "Akat, Elifnaz"]
[Black "Cuthbert, Larissa"]
[Result "1-0"]
[WhiteElo "1769"]
[BlackElo "1237"]
[PlyCount "79"]
[EventDate "2022.04.21"]
[EventRounds "9"]

1. e4 {[%emt 0:00:03]} e6 {[%emt 0:00:10]} 2. d3 {[%emt 0:00:09]} d5 {[%emt 0:
00:14]} 3. Nd2 {[%emt 0:00:05]} Nf6 {[%emt 0:01:25]} 4. Ngf3 {[%emt 0:00:31]}
Be7 {[%emt 0:01:30]} 5. g3 {[%emt 0:00:07]} a5 {[%emt 0:01:55]} 6. a4 {[%emt 0:
02:31]} O-O {[%emt 0:05:44]} 7. Bg2 {[%emt 0:01:33]} Bd7 {[%emt 0:02:42]} 8. e5
{[%emt 0:05:10]} Ne8 {[%emt 0:01:23]} 9. O-O {[%emt 0:00:51]} c5 {[%emt 0:06:
00]} 10. Re1 {[%emt 0:01:14]} f6 {[%emt 0:06:01]} 11. exf6 {[%emt 0:01:12]}
Bxf6 {[%emt 0:02:15]} 12. Nf1 {[%emt 0:04:02]} b5 {[%emt 0:07:16]} 13. axb5 {
[%emt 0:01:04]} Bxb5 {[%emt 0:00:27]} 14. Rxe6 {[%emt 0:02:17]} Nc6 {[%emt 0:
07:40]} 15. Re1 {[%emt 0:04:08]} Qb6 {[%emt 0:08:10]} 16. Ng5 {[%emt 0:10:57]}
Nc7 {[%emt 0:07:20]} 17. Nh3 {[%emt 0:13:31]} c4 {[%emt 0:04:30]} 18. Ne3 {
[%emt 0:06:58]} Rad8 {[%emt 0:02:51]} 19. Nf4 {[%emt 0:01:57]} Ne7 {[%emt 0:06:
49]} 20. Ng4 {[%emt 0:03:13]} Nc6 {[%emt 0:10:35]} 21. Rf1 {[%emt 0:09:45]} Rf7
{[%emt 0:07:56]} 22. h4 {[%emt 0:04:07]} Bd4 {[%emt 0:02:05]} 23. c3 {[%emt 0:
00:29]} cxd3 {[%emt 0:01:26]} 24. cxd4 {[%emt 0:03:00]} d2 {[%emt 0:00:10]} 25.
Bxd2 {[%emt 0:00:26]} Bxf1 {[%emt 0:00:10]} 26. Bxf1 {[%emt 0:00:54]} Ra8 {
[%emt 0:02:18]} 27. Bc3 {[%emt 0:01:09]} Qb8 {[%emt 0:02:24]} 28. Bg2 {[%emt 0:
01:51]} Ne7 {[%emt 0:00:29]} 29. Ne5 {[%emt 0:00:17]} Rf5 {[%emt 0:01:04]} 30.
Bh3 {[%emt 0:00:19]} Rxf4 {[%emt 0:00:50]} 31. gxf4 {[%emt 0:00:05]} Qf8 {
[%emt 0:00:43]} 32. Qg4 {[%emt 0:00:20]} a4 {[%emt 0:00:38]} 33. Bb4 {[%emt 0:
00:15]} Qf6 {[%emt 0:00:29]} 34. Qd7 {[%emt 0:01:24]} Qxh4 {[%emt 0:00:35]} 35.
Be6+ {[%emt 0:01:25]} Nxe6 {[%emt 0:00:17]} 36. Qxe6+ {[%emt 0:00:01]} Kh8 {
[%emt 0:00:28]} 37. Nf7+ {[%emt 0:00:03]} Kg8 {[%emt 0:00:05]} 38. Nh6+ {
[%emt 0:00:06]} Kh8 {[%emt 0:00:10]} 39. Qg8+ {[%emt 0:00:04]} Rxg8 {[%emt 0:
00:06]} 40. Nf7# {[%emt 0:00:02]} 1-0

[Event "European School Championships"]
[Site "Rhodes, Greece"]
[Date "2022.04.28"]
[Round "6.2"]
[White "Mustu, Hatice Asli"]
[Black "Baloglu, Dila"]
[Result "1/2-1/2"]
[WhiteElo "1704"]
[BlackElo "1680"]
[PlyCount "120"]
[EventDate "2022.04.21"]
[EventRounds "9"]

1. Nf3 {[%emt 0:00:02]} Nf6 {[%emt 0:00:20]} 2. g3 {[%emt 0:00:08]} g6 {
[%emt 0:02:22]} 3. Bg2 {[%emt 0:00:05]} Bg7 {[%emt 0:00:05]} 4. O-O {[%emt 0:
00:05]} O-O {[%emt 0:00:14]} 5. d4 {[%emt 0:00:28]} d5 {[%emt 0:05:18]} 6. c4 {
[%emt 0:00:08]} dxc4 {[%emt 0:03:58]} 7. Na3 {[%emt 0:01:05]} c3 {[%emt 0:00:
24]} 8. bxc3 {[%emt 0:01:14]} c5 {[%emt 0:01:05]} 9. Nc4 {[%emt 0:11:08]} Be6 {
[%emt 0:18:45]} 10. Nce5 {[%emt 0:13:56]} Bd5 {[%emt 0:13:22]} 11. Bb2 {
[%emt 0:11:58]} Qb6 {[%emt 0:09:23]} 12. Ba3 {[%emt 0:15:46]} Na6 {[%emt 0:07:
37]} 13. Qa4 {[%emt 0:07:03]} Rfd8 {[%emt 0:17:43]} 14. e3 {[%emt 0:00:42]} h6
{[%emt 0:06:54]} 15. Nd2 {[%emt 0:11:36]} Qc7 {[%emt 0:06:04]} 16. Rfc1 {
[%emt 0:05:40]} Bxg2 {[%emt 0:02:26]} 17. Kxg2 Nd7 {[%emt 0:01:09]} 18. Nd3 {
[%emt 0:06:39]} Nb6 {[%emt 0:01:40]} 19. Qb5 {[%emt 0:01:11]} cxd4 {[%emt 0:00:
35]} 20. cxd4 {[%emt 0:01:07]} Qd7 {[%emt 0:00:05]} 21. Qxd7 {[%emt 0:01:33]}
Rxd7 {[%emt 0:00:02]} 22. Ne4 {[%emt 0:03:05]} Nd5 {[%emt 0:01:06]} 23. Nec5 {
[%emt 0:02:11]} Nxc5 {[%emt 0:00:01]} 24. Rxc5 {[%emt 0:00:22]} b6 {[%emt 0:01:
02]} 25. Rc6 {[%emt 0:00:29]} Rb8 {[%emt 0:00:50]} 26. Rac1 {[%emt 0:00:25]}
Rbb7 {[%emt 0:00:36]} 27. Kf3 {[%emt 0:02:26]} e6 {[%emt 0:00:31]} 28. Nf4 {
[%emt 0:02:32]} Rbc7 {[%emt 0:00:25]} 29. Nxd5 {[%emt 0:00:37]} Rxc6 30. Ne7+ {
[%emt 0:00:44]} Rxe7 {[%emt 0:00:01]} 31. Rxc6 Rb7 {[%emt 0:00:26]} 32. Rc8+ {
[%emt 0:00:28]} Kh7 {[%emt 0:00:01]} 33. Ke4 {[%emt 0:00:45]} Rd7 {[%emt 0:01:
05]} 34. f4 {[%emt 0:00:58]} Rd5 {[%emt 0:00:55]} 35. Rc7 {[%emt 0:00:25]} Ra5
{[%emt 0:00:18]} 36. Bd6 {[%emt 0:00:39]} Kg8 {[%emt 0:00:49]} 37. Rc8+ {
[%emt 0:00:16]} Kh7 {[%emt 0:00:01]} 38. Rc2 {[%emt 0:00:09]} Rd5 {[%emt 0:00:
33]} 39. Bb8 {[%emt 0:00:30]} a6 {[%emt 0:01:25]} 40. Ba7 {[%emt 0:00:26]} Rb5
{[%emt 0:00:33]} 41. Bb8 {[%emt 0:03:45]} g5 {[%emt 0:12:27]} 42. g4 {[%emt 0:
06:52]} gxf4 {[%emt 0:07:39]} 43. exf4 {[%emt 0:06:31]} Rb1 {[%emt 0:04:05]}
44. Rd2 {[%emt 0:04:22]} a5 {[%emt 0:03:10]} 45. Bd6 {[%emt 0:03:29]} b5 {
[%emt 0:01:46]} 46. Bc5 {[%emt 0:02:20]} Re1+ {[%emt 0:03:05]} 47. Kf3 {
[%emt 0:00:03]} Rf1+ {[%emt 0:00:14]} 48. Rf2 {[%emt 0:03:54]} Rd1 {[%emt 0:00:
18]} 49. Ke2 {[%emt 0:00:49]} Ra1 {[%emt 0:00:15]} 50. a3 {[%emt 0:01:10]} Kg8
{[%emt 0:01:08]} 51. f5 {[%emt 0:01:14]} Ra2+ {[%emt 0:01:25]} 52. Ke3 {
[%emt 0:00:12]} Rxf2 53. Kxf2 b4 54. axb4 {[%emt 0:00:38]} axb4 55. Ke2 {
[%emt 0:00:25]} Bf6 {[%emt 0:01:38]} 56. Kd3 {[%emt 0:01:01]} h5 {[%emt 0:00:
15]} 57. h3 {[%emt 0:00:12]} hxg4 {[%emt 0:00:36]} 58. hxg4 {[%emt 0:00:02]} b3
{[%emt 0:00:22]} 59. Kc3 {[%emt 0:00:02]} Kh7 {[%emt 0:00:34]} 60. Kxb3 {
[%emt 0:03:19]} Kh6 {[%emt 0:00:09]} 1/2-1/2

[Event "European School Championships"]
[Site "Rhodes, Greece"]
[Date "2022.04.29"]
[Round "7.1"]
[White "Maton, Emily"]
[Black "Akat, Elifnaz"]
[Result "0-1"]
[WhiteElo "1451"]
[BlackElo "1769"]
[PlyCount "96"]
[EventDate "2022.04.21"]
[EventRounds "9"]

1. Nf3 Nf6 {[%emt 0:00:19]} 2. c4 {[%emt 0:00:25]} e6 {[%emt 0:00:11]} 3. Nc3 {
[%emt 0:01:15]} d5 {[%emt 0:00:33]} 4. cxd5 {[%emt 0:00:18]} exd5 {[%emt 0:00:
28]} 5. d4 {[%emt 0:02:25]} c6 {[%emt 0:02:04]} 6. g3 {[%emt 0:03:56]} Be7 {
[%emt 0:01:10]} 7. Bg2 {[%emt 0:00:41]} O-O {[%emt 0:00:17]} 8. O-O {[%emt 0:
01:37]} h6 {[%emt 0:00:27]} 9. Bf4 {[%emt 0:03:59]} Bf5 {[%emt 0:03:00]} 10.
Re1 {[%emt 0:09:49]} Nbd7 {[%emt 0:02:31]} 11. Ne5 {[%emt 0:03:49]} Nxe5 {
[%emt 0:05:23]} 12. dxe5 {[%emt 0:04:26]} Nd7 {[%emt 0:05:57]} 13. e4 {[%emt 0:
03:14]} dxe4 {[%emt 0:00:12]} 14. Bxe4 {[%emt 0:01:56]} Bxe4 {[%emt 0:01:32]}
15. Rxe4 {[%emt 0:01:23]} Nc5 {[%emt 0:06:51]} 16. Rd4 {[%emt 0:10:35]} Qc8 {
[%emt 0:04:32]} 17. Qf3 {[%emt 0:05:43]} Qf5 {[%emt 0:02:45]} 18. g4 {[%emt 0:
06:17]} Qg6 {[%emt 0:01:29]} 19. Be3 {[%emt 0:10:19]} f6 {[%emt 0:05:38]} 20.
exf6 {[%emt 0:03:48]} Rxf6 {[%emt 0:01:49]} 21. Qg3 {[%emt 0:01:37]} Raf8 {
[%emt 0:03:35]} 22. Rf4 {[%emt 0:02:38]} Rxf4 {[%emt 0:01:24]} 23. Bxf4 {
[%emt 0:00:02]} Nd3 {[%emt 0:00:56]} 24. Be3 {[%emt 0:05:43]} Bd6 {[%emt 0:01:
02]} 25. Qg2 {[%emt 0:00:51]} Ne5 {[%emt 0:07:51]} 26. Qe4 {[%emt 0:03:49]}
Qxg4+ {[%emt 0:02:20]} 27. Qxg4 {[%emt 0:00:05]} Nxg4 {[%emt 0:00:04]} 28. Rd1
{[%emt 0:00:59]} Bxh2+ {[%emt 0:00:30]} 29. Kg2 {[%emt 0:00:05]} Nxe3+ {
[%emt 0:00:21]} 30. fxe3 {[%emt 0:00:03]} Be5 {[%emt 0:00:07]} 31. Rd3 {
[%emt 0:01:49]} Bxc3 {[%emt 0:00:06]} 32. Rxc3 {[%emt 0:00:06]} Rd8 {[%emt 0:
00:03]} 33. Kf3 {[%emt 0:01:03]} Kf7 {[%emt 0:00:04]} 34. b4 {[%emt 0:01:00]}
a6 {[%emt 0:00:30]} 35. a4 {[%emt 0:01:24]} Rd5 {[%emt 0:00:24]} 36. Rc4 {
[%emt 0:01:28]} Ke6 {[%emt 0:00:37]} 37. Re4+ {[%emt 0:01:01]} Re5 {[%emt 0:00:
20]} 38. Rc4 {[%emt 0:00:41]} h5 {[%emt 0:00:19]} 39. e4 {[%emt 0:01:07]} g5 {
[%emt 0:00:41]} 40. Rd4 {[%emt 0:01:05]} Ke7 {[%emt 0:00:15]} 41. Rc4 {[%emt 0:
01:05]} Kd7 {[%emt 0:00:42]} 42. Rd4+ {[%emt 0:00:58]} Kc7 {[%emt 0:00:34]} 43.
Rd2 {[%emt 0:01:48]} a5 {[%emt 0:00:12]} 44. bxa5 {[%emt 0:00:56]} Rxa5 {
[%emt 0:00:04]} 45. Rg2 {[%emt 0:00:51]} Kd6 {[%emt 0:00:45]} 46. Rb2 {[%emt 0:
00:23]} b5 {[%emt 0:00:31]} 47. axb5 {[%emt 0:00:20]} Rxb5 {[%emt 0:00:01]} 48.
Rh2 {[%emt 0:00:12]} Rb3+ {[%emt 0:00:46]} 0-1